ბათუმის შოთა რუსთაველის სახელმწიფო უნივერსიტეტის ბიბლიოთეკა

ციფრული მმართველობა და სამართლის ტექნოლოგიები = Digital Governance and Legal Technologies : (ბიბ.ჩანაწერი № 63320)

000 -ლიდერი
ფიქსირებული სიგრძის საკონტროლო ველი 01981nam a22002777a 4500
003 - საკონტროლო ნომრის იდენტიფიკატორი
საკონტროლო ველი Ge_BSU
005 - ბოლო ოპერაციის თარიღი და დრო
საკონტროლო ველი 20250910173658.0
008 - ფიქსირებული სიგრძის მონაცემთა ელემენტები - ზოგადი ინფორმაცია
ფიქსირებული სიგრძის საკონტროლო ველი 250910s2025 ge ||||| |||| 00| 0 geo d
020 ## - წიგნის საერთაშორისო სტანდარტული ნომერი
International Standard Book Number 9789941347283
041 ## - ენის კოდი
Language code of text/sound track or separate title geo
080 ## - უნივერსალური ათობითი კლასიფიკაციის ინდექსი
Universal Decimal Classification number 005.591.6 გ-12
100 ## - მთავარი ჩანაწერი - პიროვნების სახელი
Personal name გაბისონია, ზვიად
9 (RLIN) 8189
245 ## - ცნობა სათაურის შესახებ
Title ციფრული მმართველობა და სამართლის ტექნოლოგიები = Digital Governance and Legal Technologies :
Remainder of title [დამხმარე სახელმძღვანელო] /
Statement of responsibility, etc ზვიად გაბისონია; რედაქტორი: ლადო ჭანტურია, გიორგი ხუბუა, ზურაბ ძლიერიშვილი; ტექრედაქტორი შოთა დონაძე; დიზაინერი გიორგი ჩიქვინიძე; Friedrich Ebert Stiftung.
264 ## - წარმოების, გამოცემის, დისტრიბუციის და სხვა ცნობები
გამოცემის, წარმოების, დისტრიბუციის... ადგილი თბილისი :
გამოცემის, წარმოების, დისტრიბუციის... სახელწოდება მერიდიანი,
გამოცემის, წარმოების, დისტრიბუციის... თარიღი 2025.
300 ## - ფიზიკური აღწერა
Extent 456 გვ. ;
Other physical details 20 სმ.
500 ## - ზოგადი შენიშვნა
General note თავფურცელი ქართულ და ინგლისურ ენებზე.
504 ## - BIBLIOGRAPHY, ETC. NOTE
Bibliography, etc ბიბლიოგრაფია ტექსტის შენიშვნებში და გვ. 421-453.
653 ## - INDEX TERM--UNCONTROLLED
Uncontrolled term ციფრული მმართველობა
653 ## - INDEX TERM--UNCONTROLLED
Uncontrolled term სამართლის ტექნოლოგიები
700 ## - ADDED ENTRY--PERSONAL NAME
Personal name ჭანტურია, ლადო
Relator term რედაქტორი
9 (RLIN) 25786
700 ## - ADDED ENTRY--PERSONAL NAME
Personal name ხუბუა, გიორგი
Relator term რედაქტორი
9 (RLIN) 25787
700 ## - ADDED ENTRY--PERSONAL NAME
Personal name ძლიერიშვილი, ზურაბ
Relator term რედაქტორი
9 (RLIN) 8152
700 ## - ADDED ENTRY--PERSONAL NAME
Personal name დონაძე, შოთა
Relator term ტექრედაქტორი
9 (RLIN) 25788
700 ## - ADDED ENTRY--PERSONAL NAME
Personal name ჩიქვინიძე, გიორგი
Relator term დიზაინერი
9 (RLIN) 25789
942 ## - ADDED ENTRY ELEMENTS (KOHA)
Source of classification or shelving scheme
Koha item type წიგნი
ეგზემპლარები
ჩამოწერის სტატუსი დაკარგული ეგზემპლარის სტატუსი კლასიფიკაციის წყარო ან თაროზე გაწყობის სქემა დაზიანების სტატუსი არ გაიცემა მუდმივი მდებარეობა (დაცვის ადგილი) ამჟამინდელი ადგილსამყოფელი თაროზე განთავსების ადგილი შეძენის თარიღი ღირებულება, შესყიდვის ნორმალური ფასი სრული შენახვის შიფრი შტრიხკოდი ბოლო ოპერაციის თარიღი ეგზემპლარის მიმდევრობითი ნომერი (კეტერი?) Uniform Resource Identifier ფასის ძალაში შესვლის თარიღი ეგზემპლარის სახეობა საჯარო შენიშვნა
          ბათუმის შოთა რუსთაველის სახელმწიფო უნივერსიტეტის მთავარი ბიბლიოთეკა ბათუმის შოთა რუსთაველის სახელმწიფო უნივერსიტეტის მთავარი ბიბლიოთეკა წიგნსაცავი 2025-09-10 12.00 005.591.6 გ-12 72331 2025-09-10 72331 ნაჩუქარი 2025-09-10 წიგნი 12 ლ.
          ბათუმის შოთა რუსთაველის სახელმწიფო უნივერსიტეტის მთავარი ბიბლიოთეკა ბათუმის შოთა რუსთაველის სახელმწიფო უნივერსიტეტის მთავარი ბიბლიოთეკა წიგნსაცავი 2025-09-10 12.00 005.591.6 გ-12 72332 2025-09-10 72332 ნაჩუქარი 2025-09-10 წიგნი 12 ლ.